Statistics for Countries with highest water consumption

Click here to take the quiz!

General Stats

  • This quiz has been taken 34 times
  • The average score is 15 of 20

Answer Stats

In m3/1000lAnswer% Correct
581.29 billionChina
100%
761 billionIndia
100%
444.29 billionUnited states
97%
78.4 billionJapan
93%
67.2 billionBrazil
90%
36.23 billionCanada
90%
89.55 billionMexico
90%
64.82 billionRussia
90%
222.64 billionIndonesia
83%
183.45 billionPakistan
80%
37.78 billionArgentina
73%
93.3 billionIran
73%
62.21 billionTurkey
73%
82.03 billionVietnam
73%
77.5 billionEgypt
67%
57.31 billionThailand
67%
85.87 billionPhilippines
60%
56.62 billionIraq
57%
38.55 billionPeru
53%
58.9 billionUzbekistan
3%

Score Distribution

Percentile by Number Answered

Percent of People with Each Score

Your Score History

You have not taken this quiz